| 000 | 01211 a2200373 4500 | ||
|---|---|---|---|
| 005 | 20260325140044.0 | ||
| 008 | 260325b |||||||| |||| 00| 0 eng d | ||
| 022 | _a23479515 | ||
| 022 | _a 23216883 | ||
| 041 | _aEn | ||
| 044 | _aCIV | ||
| 090 | _bDG/A/1675 | ||
| 100 | _a DA COSTA, Kouassi Sebastino | ||
| 100 | _aMALAHOUA, Kouam V̌incent de Paul | ||
| 100 | _aYACOUBA, Bamba | ||
| 110 | _aCentre National de Recherche Agronomique | ||
| 110 | _bCote d'Ivoire | ||
| 242 | _aDetermination d'une solution cryoprotectrice pour la cryoconservation du sperme d'Oreochromis niloticus (Linnaeus, 1758) souche Bouake sans congelation | ||
| 245 | _aDetermination of a cryoprotective solution for the Cryopreservation of Oreochromis Niloticus (Linnaeus, 1758) Bouake Strain Sperm Without Freezing | ||
| 260 | _aScholars Academic Journal of Biosciences | ||
| 260 | _bCNRA | ||
| 260 | _bUNA | ||
| 260 | _cJanv 2025 | ||
| 302 | _a p.107-114 | ||
| 388 | _a2026-03-25 | ||
| 650 |
_2AGROVOC _gJus |
||
| 650 | _gnoix de coco | ||
| 650 | _gOreochromis niloticus | ||
| 650 | _gMobilite | ||
| 650 | _gDiluant | ||
| 650 | _gCryoconservation | ||
| 650 | _gsperme | ||
| 650 | _gCryoprotecteur | ||
| 999 |
_c6018 _d6018 |
||